Knowledge for development summary 1998/99

Gespeichert in:
Bibliographische Detailangaben
Format: Buch
Sprache:Englisch
Veröffentlicht: Washington D.C. The World Bank 1999
Schriftenreihe:World development report
Schlagworte:
Tags: Tag hinzufügen
Keine Tags, Fügen Sie das erste Tag hinzu!

MARC

LEADER 00000nam a2200000 4500
001 c109578
005 20221108121809.4
020 |a 0-8213-4107-3 
041 0 |a eng 
044 |a US 
245 1 0 |a Knowledge for development  |b summary 1998/99 
264 1 |a Washington D.C.  |b The World Bank  |c 1999 
300 |a 14 s. 
490 1 |a World development report 
830 0 |a World development report 
610 2 0 |a banky 
610 2 0 |a Svetová banka 
610 2 0 |a financie 
610 2 0 |a rozvoj hospodársky 
610 2 0 |a krajiny rozvojové 
610 2 0 |a krajiny vyspelé 
610 2 0 |a chudoba 
610 2 0 |a politika hospodárska medzinárodná 
610 2 0 |a politika finančná 
610 2 0 |a rast hospodársky 
610 2 0 |a statky verejné